Books by Their Covers Quiz Stats

 Plays Quiz Updated Feb 9, 2012

Support Sporcle.
Go Orange.
Score 0/24 Timer 06:00
24 Plays Today
% Correct
Where the Wild Things Are
84.8%
Charlotte's Web
84.3%
Jurassic Park
71.4%
Black Beauty
69.6%
The Great Gatsby
63.5%
Eragon
60.3%
The Lion the Witch and the Wardrobe
56.7%
The Lord of the Flies
55.7%
The Devil Wears Prada
54%
Atlas Shrugged
49.4%
Where the Sidewalk Ends
49%
The Hitchhikers Guide to the Galaxy
47.8%
% Correct
The Little Prince
47.3%
Watership Down
45.2%
Angela's Ashes
40.8%
The Catcher in the Rye
39.3%
Where the Red Fern Grows
34.2%
A Million Little Pieces
29%
A Brief History of Time
28.7%
Freakonomics
27%
Midnight in the Garden of Good and Evil
20.2%
The Lost Symbol
18.6%
She's Come Undone
10.1%
The Prophet
9.4%

From the Vault

FIFA World Cup - Group Winners (98-18)

by Charuas

Sports 5m
These teams were all able to advance. Hopefully in the right direction.
Remove Ads.
Support Sporcle.
Get the best of Sporcle when you Go Orange. This ad-free experience offers more features, more stats, and more fun while also helping to support Sporcle. Thank you for becoming a member.

Show Comments

Extras

Top Quizzes Today


Score Distribution

Your Account Isn't Verified!

In order to create a playlist on Sporcle, you need to verify the email address you used during registration. Go to your Sporcle Settings to finish the process.

Report this User

Report this user for behavior that violates our Community Guidelines.

Details: